00346nam a2200133Ia 45000030006000000080041000060400015000471000025000622450038000872600050001253000006001755460014001810050017001950STCL150530s9999 xx 000 0 und d aSTCLcSTCL aGopalakrishnan, K Ed aMathrubhumi Thozilvartha Harisree bMathrubhumi press; Kozhikodec2006aKozhikode a0 aMalayalam20220125165735.0